Statistics for Words Ending in "IST" #1

Click here to take the quiz!

General Stats

  • This quiz has been taken 46,098 times
    (40,522 since last reset)
  • The average score is 13 of 22

Answer Stats

One who ...Is a ...% Correct
Rejects the belief in gods{Ath}eist
97%
Plays music alone{Solo}ist
87%
Discriminates based on gender{Sex}ist
84%
Dispenses medication{Pharm}acist
82%
Predicts the weather{Meteor}ologist
81%
Makes a puppet appear to speak{Ventrilo}quist
79%
Is opposed to violence, and won't fight{Pacif}ist
73%
Enjoys causing pain{Sad}ist
72%
Takes and interprets X-Rays{Radio}logist
69%
Studies animals{Zoolog}ist
67%
Earns gold, silver, or bronze{Medal}ist
66%
Stuffs animals{Taxiderm}ist
66%
Wants to end slavery{Abolition}ist
64%
Sings{Vocal}ist
59%
Transmutes base metals into gold{Alchem}ist
58%
Makes charitable donations{Philanthrop}ist
52%
Drives a car or truck{Motor}ist
43%
Believes in nothing{Nihil}ist
37%
Travels for pleasure{Tour}ist
36%
Fights with their fists{Pugil}ist
35%
Writes plays{Drama}tist
18%
Believes the external world is imaginary{Solip}sist
7%

Score Distribution

Percentile by Number Answered

Percent of People with Each Score

Your Score History

You have not taken this quiz since the last reset